Statistics for Jeopardy #8485

Click here to take the quiz!

General Stats

  • This quiz has been taken 30 times
  • The average score is 11 of 61

Answer Stats

CategoryCashClueAnswer% Correct
OCTOBER$200An important October campaign is this disease awareness month with fundraisers & other pink-themed eventsbreast cancer
89%
OCTOBER$600The second Monday in October is celebrated as this day in Canada; ours comes a few weeks laterThanksgiving
89%
WE LOOK DOWN ON THAT STATE$800Most of Virginia's southern border lies along this stateNorth Carolina
74%
WE LOOK DOWN ON THAT STATE$1000Kansas is directly north of this stateOklahoma
74%
WE LOOK DOWN ON THAT STATE$200Utah sits directly atop this stateArizona
63%
WE LOOK DOWN ON THAT STATE$600A big chunk of South Dakota is upstairs from itNebraska
53%
SURVIVING PROHIBITION$600In 1925 this Milwaukee family couldn't sell its brewery but was living the "High Life" after Prohibition endedMiller
42%
TALES OF HORROR$400"Horror" is in the title of this book in which the Lutz family learned that, sometimes, buying a murder home isn't worth itThe Amityville Horror
42%
SURVIVING PROHIBITION$800This brewery bought a Colorado ceramics company & sold porcelain under the brand name; the ceramics co. is worth billions todayCoors
37%
WE LOOK DOWN ON THAT STATE$400Vermont is north of the western part of this stateMassachusetts
37%
SURVIVING PROHIBITION$400Unable to brew, Pabst started making Pabst-ett, a Velveeta-like cheese; eventually this competitor suedKraft
32%
ACTOR-MOGULS$800Happy Madison, Adam Sandler's production company, combines these 2 Sandler movie titlesHappy Gilmore & Billy Madison
26%
ACTOR-MOGULS$600If you love the TV shows "Mannix" & "Mission: Impossible", thank this comedic actress & her Desilu Studios for producing them(Lucille) Ball
26%
OCTOBER$400Test your "metal" in the world championship of this mega-endurance event held in October in HawaiiIronman Triathlon
21%
ACTOR-MOGULS$200Co-created by this actress, MTM ruled the tube with shows like "Hill Street Blues" & "Newhart"Mary Tyler Moore
21%
SURVIVING PROHIBITION$200Many breweries tried making this rhyming product, like Schlitz Famo, with less than .5% alcohol contentnear beer
21%
TECHNOLOGY$400The 2 gases that make up the "plasma" in a plasma TV are usually these 2, Ne & Xeneon & xenon
21%
TALES OF HORROR$1000Malorie takes her kids on a terrifying, blindfolded river trip in this Josh Malerman novelBird Box
16%
THE GRAND OLE OPERA HOUSE$400In 1892 Buenos Aires & Bogota both hoped to open new opera houses named for this explorer; only Bogota's was inaugurated on timeColumbus
16%
SURVIVING PROHIBITION$1000Many breweries struggled but got by selling beer ingredients like syrup made from this, sprouted barley grainsmalt
16%
OCTOBER$800Gandhi's birthday, October 2 is observed as the international day of this philosophy of his, also known as Satyagrahanon-violence
16%
NOT YOUR AVERAGE GEMSTONE!$1600This fossilized resin has one of the lowest densities among gems & it will often float in salt wateramber
11%
NOT YOUR AVERAGE GEMSTONE!$2000Weighing in at 2.75 tons, the Empress of Uruguay is an almost 11-foot tall geode of this purple quartzamethyst
11%
ACTOR-MOGULS$400Will Ferrell co-created this website where people could vote whether video clips were humorous or notFunny or Die
11%
THE GRAND OLE OPERA HOUSE$1600After World War I, upon the demise of this dynasty that ruled there, Vienna's Court Opera was renamed the State OperaHabsburg
11%
TALES OF HORROR$800Luke is the future heir of this Shirley Jackson title place; sadly for Luke, that title includes "The Haunting of..."Hill House
11%
4,4$800If you can easily determine someone's feelings, you can read him or her like thisopen book
11%
NOT YOUR AVERAGE GEMSTONE!$400Blue topaz is often created by exposing it to this--the gamma type works especially wellradiation
11%
OCTOBER$1000In Catholic tradition, October is the month to celebrate this set of prayers recited with an accompanying physical aidrosaries
11%
I'D LIKE A WORD WITH "U"$400From Latin for "further", it means deliberately hidden, like some motivesulterior
11%
I'D LIKE A WORD WITH "U"$2000This Japanese word for a type of flavor entered English in the early 1960sumami
11%
I'D LIKE A WORD WITH "U"$1600It's what you call those dots over a German vowelumlaut
11%
ACTOR-MOGULS$1000Said about this studio founded by Charlie Chaplin, Mary Pickford & others: "Lunatics have taken charge of the asylum"United Artists
11%
NOT YOUR AVERAGE GEMSTONE!$1200Dust & ash from a volcano in this state were used to create a new green type of gem called heleniteWashington
11%
4,4$200The fur of this wild canine seen here can be brownish, but it can also be indicative of its namea gray wolf
5%
TECHNOLOGY$1200Pumping is the process of raising electrons to a higher energy state when creating one of these beamsa laser
5%
PARDON MY FRENCHMAN$400President Émile Loubet pardoned this wrongly accused Jewish military officer in September 1899(Alfred) Dreyfus
5%
PARDON MY FRENCHMAN$1600In 1964 France amnestied many of those who had committed crimes in opposition to this African country's independenceAlgeria
5%
TALES OF HORROR$200The kids of Kettle Springs are menaced not by "Scarecrow in a Cornfield" but worse, this smiley creature "In a Cornfield"clown
5%
4,4$600Similar to seltzer, it's carbonated water used as a mixerclub soda
5%
THE FLYING...$2000In song, "He floats through the air, with the greatest of ease, the daring young man on" thisflying trapeze
5%
TECHNOLOGY$800Jetronic increased power & mileage in 1967 as the first workable electronic system for this auto process, sending the gas to the enginefuel injection
5%
THE GRAND OLE OPERA HOUSE$1200This opera house opened in Milan in 1778 with a performance of "Europa Recognized" by SalieriLa Scala
5%
PARDON MY FRENCHMAN$2000Thanks to his sturdy cell, Ludger Sylbaris survived the 1902 volcanic ruin of Saint-Pierre on this Caribbean island & was later pardonedMartinique
5%
4,4$400A great American tradition: throw some clothes in the Chevelle, crank some tunes & go off on this, also a 2000 filmroad trip
5%
THE FLYING...$1600In 2005 she won a TV Land Award as "Favorite Airborne Character" for her 1960s work as "The Flying Nun"(Sally) Field
5%
THE FLYING...$1200Known as "The Flying Tomato", this snowboarder won his first Olympic halfpipe gold in 2006(Shaun) White
5%
THE GRAND OLE OPERA HOUSE$800In addition to many operas, Paris' Palais Garnier hosted a very wicked villain in this 1910 Gaston Leroux novelThe Phantom of the Opera
5%
THE GRAND OLE OPERA HOUSE$2000In 1973 Prokofiev's "War and Peace" was the first opera performed at this opera house very far south of Russiathe Sydney Opera House
5%
I'D LIKE A WORD WITH "U"$1200This adjective comes from Latin for "navel"umbilical
5%
TECHNOLOGY$1600Elisha Otis' invention of the "safety" this led to its regular use for passengerselevator
0%
THE FLYING...$400The flying wedge was first used in this sport by Harvard in 1892 but became illegal due to players being brutalizedfootball
0%
TECHNOLOGY$2000First patented in 1952, center pivot devices used for this agricultural task caused the green circles seen from planesirrigation
0%
NOT YOUR AVERAGE GEMSTONE!$800In 1976 a large ruby was carved into a 4-pound replica of this historic American object, crack & allLiberty Bell
0%
PARDON MY FRENCHMAN$1200Bernard Boursicot was pardoned in 1987, shortly before the debut of this play inspired by his affair with an opera singer/spyM. Butterfly
0%
PARDON MY FRENCHMAN$800Pardoned in 1952, Henry Coston, one of these Nazi helpers, embarrassed France by living another 49 yearspart of the Vichy government (a Vichy collaborator)
0%
TALES OF HORROR$600It's the title vocation of Herbert West in a 1922 H.P. Lovecraft tale, & he needs fresh corpses to do it toreanimator
0%
THE FLYING...$800We're not sure if this Bullwinkle pal is biologically a flying squirrel (Glaucomys sabrinus) or a regular gray squirrel who can flyRocky
0%
THE SOUTHERN HEMISPHEREN/ABritish zoologist George Shaw looked for stitches when he first saw this mammal in 1799, thinking he was being tricked(the) duck-bill(ed) platypus
0%
I'D LIKE A WORD WITH "U"$800The Declaration of Independence says we all have certain these rightsunalienable right
0%
4,4$1000"If winter comes, can spring be far behind?", asks Shelley's "Ode to" thisWest Wind
0%

Score Distribution

Percentile by Number Answered

Percent of People with Each Score

Your Score History

You have not taken this quiz